Rhythm & Blues (Record n. 100070)

Dettagli MARC
000 -LEADER
fixed length control field 08002njm a2200721Ia 4500
001 - CONTROL NUMBER
control field 27046
003 - CONTROL NUMBER IDENTIFIER
control field IT-RoPAU
005 - DATE AND TIME OF LATEST TRANSACTION
control field 20220918181125.0
008 - FIXED-LENGTH DATA ELEMENTS--GENERAL INFORMATION
fixed length control field 131025s9999 xx 000 0 und d
040 ## - CATALOGING SOURCE
Original cataloging agency IT-RoPAU
040 ## - CATALOGING SOURCE
Transcribing agency IT-RoPAU
041 ## - LANGUAGE CODE
Language code of text/sound track or separate title INGLESE
999 ## - SYSTEM CONTROL NUMBERS (KOHA)
Koha Dewey Subclass [OBSOLETE] n.d.
100 ## - MAIN ENTRY--PERSONAL NAME
Personal name AA.VV.
9 (RLIN) 794
100 ## - MAIN ENTRY--PERSONAL NAME
Relator term Autore musica
9 (RLIN) 17256
100 ## - MAIN ENTRY--PERSONAL NAME
Miscellaneous information Codice autore musica SPICS: 12000
9 (RLIN) 796
245 ## - TITLE STATEMENT
Title Rhythm & Blues
250 ## - EDITION STATEMENT
Edition statement 2a ed.
260 ## - PUBLICATION, DISTRIBUTION, ETC. (IMPRINT)
Place of publication, distribution, etc. MILANO
260 ## - PUBLICATION, DISTRIBUTION, ETC. (IMPRINT)
Name of publisher, distributor, etc. RUSCONI
Date of publication, distribution, etc. 1986 [1a Ed.:]
300 ## - PHYSICAL DESCRIPTION
Extent DISCO
300 ## - PHYSICAL DESCRIPTION
Dimensions 46 minuti (Testo: pag.)
500 ## - GENERAL NOTE
General note Musica jazz. Disco fuori commercio allegato al n. 3 '86 della rivista "Musica jazz". Raccolta di incisioni dedicate al Rhythm e al Blues filone musicale neroamericano
505 ## - FORMATTED CONTENTS NOTE
Formatted contents note Flamingo [(New York, 10 gennaio 1951) (Bostic Earl) (3:00)] - Blues Nocturne [(Los Angeles, 11 gennaio 1950) (Otis Johnny) (3:00)] - Gravy Train [(Cincinnati, 30 novembre 1949) (Bradshaw Tiny) (3:00)] - The Twister [(Detroit 1948) (Williams Paul) (3:00)] - Deacon's Hop [(Los Angeles, 15 dicembre 1948) (McNeely Cecil-Big Jay) (3:00)] - Call It Stormy Monday [(Hollywood, metà 1947) (Walker Aaron-T.Bone) (3:00)] - Go, Red, Go [(New York, agosto 1947) (Cobb Arnett) (3:00)] - Caldonia [(New York, 19 gennaio 1945) (Jordan Louis) (3:00)] - Blow Illinois Blow [(New York, 1 aprile 1947) (Jaquet Illinois) (3:00)] - Hey-Ba-Ba-Re-Bop [(Los Angeles, 1 dicembre 1945) (Hampton Lionel) (4:00)] - Jump the Blues [(New York, Fine 1943) (McShann Jay) (4:00)] - When My Baby Left Me [(Chicago, 1 aprile 1942) (Vinson Eddie-Cleanhead) (3:00)] - Boogie Woogie's Mother-In-Law (New York, 9 aprile 1941) (Johnson Buddy) (4:00)] - Ride My Blues Away (New York, 11 marzo 1940) (Leonard Harlan) (3:00)] - Little Joe From Chicago [(New York, 10 febbraio 1938) (Kirk Andy) (3:00)]
511 ## - PARTICIPANT OR PERFORMER NOTE
Participant or performer note Redd Gene: tr, vib; Bostic Earl: alto; Hastings Count: ten; Smalls Clifton: p; Hall Rene: chit; Betts Keeter: chit; Cobb Jimmy: batt
511 ## - PARTICIPANT OR PERFORMER NOTE
Participant or performer note Thurnham Floyd: alto; Lewis Pete: chit; Otis Johnny: vib, batt; Williams Devonia: p; Delagarde Mario: cb e altri sconosciuti; Johnny Otis Orchestra
511 ## - PARTICIPANT OR PERFORMER NOTE
Participant or performer note Bradshaw Tiny: voce; Ayers Leslie: tr; Gore Rufus: ten; Hall Orrington: bar, alto; Robinson Jimmy: p; Harris Leroy: chit; Mack Clarence: cb; Shields Calvin "Eagle Eyes": batt; Tiny Bradshaw and His Orchestra
511 ## - PARTICIPANT OR PERFORMER NOTE
Participant or performer note Williams Paul: bar e formazione sconosciuta ma probabilmente: Gilbeaux Philip: tr; Moore Wild Bill: ten; Taylor Floyd: p; Hopkins Herman: cb; Mallett Reetham: batt; Paul Williams and His Band
511 ## - PARTICIPANT OR PERFORMER NOTE
Participant or performer note Mcneely Cecil: ten; McNeely Bob: bar, p, cb, batt; sconosciuti
511 ## - PARTICIPANT OR PERFORMER NOTE
Participant or performer note Walker Aaron "T-Bone": chit, voce; Buckner Teddy: tr; Meyers Bumps: ten; Glenn Lloyd: p; Edwards Arthur: cb; Bradley Oscar Lee: batt
511 ## - PARTICIPANT OR PERFORMER NOTE
Participant or performer note Page David: tr; Wood Michael: trne; Cobb Arnett: ten; Rhodes George: p; Buchanan Walter: cb; Jones George: batt; Arnett Cobb and His Orchestra
511 ## - PARTICIPANT OR PERFORMER NOTE
Participant or performer note Graham Leonard: tr; Sulieman Idrees: tr; Jordan Louis: alto, voce; Simon Freddie: ten; Austin William: p; Morgan Al: cb; Mitchell Razz: batt; Louis Jordan and His Timpany Five
511 ## - PARTICIPANT OR PERFORMER NOTE
Participant or performer note Jacquet Russell: tr; Navarro Fats: tr; Newman Joe: tr; Johnson J.J.: trne; Powell Jimmy: alto; Jacquet Illinois: ten; Parker Leo: bar; Thompson Sir Charles: p; Green Freddie: chit; Lucas Al: cb; Wilson Shadow: batt; Illinois Jacquet and His Orchestra
511 ## - PARTICIPANT OR PERFORMER NOTE
Participant or performer note Hampton Lionel: vib, voce e formazione da scegliere probalilmente tra: Morris Joe: tr; Page Dave: tr; Culley Wendell: tr; Notthingham Jimmy: tr; Wright Lamar Jr: tr; Killian Al: tr; Wormick Jimmy: trne; Wood Booty: trne; Penn Andrew: trne; Hayse Al: trne; Hamid Abdul: trne; Plater Bobby: cl, alto; Kynard Ben: cl, alto; Evans Gus: cl, alto; Fields Herbie: cl, alto; Cobb Arnett: ten; Griffin Johnny: ten; Peters Jay: ten; Fowlkes Charles: bar; Buckner Milt: p; Mehegan Johnny: p; Breckenbridge Dardanelle: p; Harris Charles: cb; Sinclair Ted: cb; Jenkins George: batt; Jones George: batt; Lionel Hampton and His Orchestra
511 ## - PARTICIPANT OR PERFORMER NOTE
Participant or performer note Formazione probabile: Cook Willie: tr; Hickman William: tr; Jones Jesse: tr; Merrill Bob: tr; Mitchell Dave: tr; Taswell Baird Joe: trne; Fook Alfonso: trne; Morrison Rudy: trne; Jackson John: alto; Dennis Rudolph: alto, bar; Quinichette Paul: ten; Dungee John "Flop": ten; McShann Jay: p; Paul Les: chit; Ramey Gene: cb; Skinner James: batt; Jay Mcshann and His Orchestra
511 ## - PARTICIPANT OR PERFORMER NOTE
Participant or performer note Vinson Eddie "Cleanhead": alto, voce; Williams Cootie: tr; Guy Joe: tr; Fletcher Milton: tr; Bacon Louis: tr; Williams Sandy: trne; Walker Jonas: trne; Horton Robert: trne; Holmes Charles: alto; Dorsey Bob: ten; Walton Greely: ten; Williams John: bar; Kersey Kenny: p; Keenan Norman: cb; Ballard George "Butch": batt; Eddie Wilson with Cootie Williams' Orchestra
511 ## - PARTICIPANT OR PERFORMER NOTE
Participant or performer note Collins Lester Shad: tr; Brown Scoville: cl, alto; Eldridge Joe: alto; Hollon Kenneth: ten; Johnson Woodrow "Buddy": p, arr; Ware Leonard: chit; Clarke Frank: cb; Clarke Kenny: batt; Buddy Johnson and His Band
511 ## - PARTICIPANT OR PERFORMER NOTE
Participant or performer note Johnson Edward: tr; Smith William H.: tr; Ross James: tr; Henderson Richmond: trne; Beckett Fred: trne; Jones Darwin: alto; Kynard Ben: alto; Leonard Harlan: cl, alto, bar; Bridges Henry: cl, ten; Keith Jimmy: ten; Smith William: p; Morgan Stan: chit; Williams Winston: batt; Williams Ernie: voce; Smith Buster: arr; Harlan Leonard and His Rockets
511 ## - PARTICIPANT OR PERFORMER NOTE
Participant or performer note Lawson Harry: tr; Trice Clarence: tr; Thomson Earl: tr; Donnelly Ted: trne; Wells Henry: trne; Harrington John: cl, alto, bar; Williams John: alto, bar; Miller Earl: alto; Wilson Dick: ten; Williams Mary Lou: p, arr; Robinson Ted: chit; Collins Booker: cb; Thigpen Ben: batt; Andy Kirk and His Twelve Clouds of Joy
650 ## - SUBJECT ADDED ENTRY--TOPICAL TERM
Topical term or geographic name as entry element JAZZ [DISCHI]
Relator term Codice MATERIA SPICS: 9950
9 (RLIN) 17257
700 ## - ADDED ENTRY--PERSONAL NAME
Personal name Anderson Jon
Dates associated with a name Codice autore musica SPICS: 10788
Relator term Autore musica
Name of part/section of a work Flamingo
9 (RLIN) 17261
700 ## - ADDED ENTRY--PERSONAL NAME
Personal name Grouya
Dates associated with a name Codice autore SPICS: 15674
Relator term Autore
Name of part/section of a work Flamingo
9 (RLIN) 17262
700 ## - ADDED ENTRY--PERSONAL NAME
Personal name Otis Johnny
Dates associated with a name Codice autore musica SPICS: 13042
Relator term Autore musica
Name of part/section of a work Blues Nocturne
9 (RLIN) 17263
700 ## - ADDED ENTRY--PERSONAL NAME
Personal name Delegarde Mario
Dates associated with a name Codice autore SPICS: 13041
Relator term Autore
Name of part/section of a work Blues Nocturne
9 (RLIN) 17264
700 ## - ADDED ENTRY--PERSONAL NAME
Personal name Bradshaw Tiny
Dates associated with a name Codice autore musica SPICS: 13043
Relator term Autore musica
Name of part/section of a work Gravy Train
9 (RLIN) 17265
700 ## - ADDED ENTRY--PERSONAL NAME
Personal name Williams Paul
Dates associated with a name Codice autore musica SPICS: 13044
Relator term Autore musica
Name of part/section of a work The Twister
9 (RLIN) 17266
700 ## - ADDED ENTRY--PERSONAL NAME
Personal name McNeely Cecil (Big Jay)
Dates associated with a name Codice autore musica SPICS: 13045
Relator term Autore musica
Name of part/section of a work Deacon's Hop
9 (RLIN) 17267
700 ## - ADDED ENTRY--PERSONAL NAME
Personal name Walker Aaron (T.Bone)
Dates associated with a name Codice autore musica SPICS: 13046
Relator term Autore musica
Name of part/section of a work Call It Stormy Monday
9 (RLIN) 17268
700 ## - ADDED ENTRY--PERSONAL NAME
Personal name Cobb Arnett
Dates associated with a name Codice autore musica SPICS: 13047
Relator term Autore musica
Name of part/section of a work Go, Red, Go
9 (RLIN) 17269
700 ## - ADDED ENTRY--PERSONAL NAME
Personal name Moore Fred
Dates associated with a name Codice autore musica SPICS: 13048
Relator term Autore musica
Name of part/section of a work Caldonia
9 (RLIN) 17270
700 ## - ADDED ENTRY--PERSONAL NAME
Personal name Jaquet Illinois
Dates associated with a name Codice autore musica SPICS: 13050
Relator term Autore musica
Name of part/section of a work Blow Illinois Blow
9 (RLIN) 17271
700 ## - ADDED ENTRY--PERSONAL NAME
Personal name Hammer C.
Dates associated with a name Codice autore musica SPICS: 13051
Relator term Autore musica
Name of part/section of a work Hey-Ba-Ba-Re-Bop
9 (RLIN) 17272
700 ## - ADDED ENTRY--PERSONAL NAME
Personal name Hampton Lionel
Dates associated with a name Codice autore SPICS: 10771
Relator term Autore
Name of part/section of a work Hey-Ba-Ba-Re-Bop
9 (RLIN) 17273
700 ## - ADDED ENTRY--PERSONAL NAME
Personal name McShann Jay
Dates associated with a name Codice autore musica SPICS: 13052
Relator term Autore musica
Name of part/section of a work Jump the Blues
9 (RLIN) 17274
700 ## - ADDED ENTRY--PERSONAL NAME
Personal name Williams Cootie
Dates associated with a name Codice autore musica SPICS: 13053
Relator term Autore musica
Name of part/section of a work When My Baby Left Me
9 (RLIN) 17275
700 ## - ADDED ENTRY--PERSONAL NAME
Personal name Vinson Eddie (Cleanhead)
Dates associated with a name Codice autore SPICS: 13054
Relator term Autore
Name of part/section of a work When My Baby Left Me
9 (RLIN) 17276
700 ## - ADDED ENTRY--PERSONAL NAME
Personal name Johnson Buddy
Dates associated with a name Codice autore musica SPICS: 13055
Relator term Autore musica
Name of part/section of a work Boogie Woogie's Mother-In-Law
9 (RLIN) 17277
700 ## - ADDED ENTRY--PERSONAL NAME
Personal name Smith Buster
Dates associated with a name Codice autore musica SPICS: 13056
Relator term Autore musica
Name of part/section of a work Ride My Blues Away
9 (RLIN) 17278
700 ## - ADDED ENTRY--PERSONAL NAME
Personal name Leonard Harlan
Dates associated with a name Codice autore SPICS: 10539
Relator term Autore
Name of part/section of a work Ride My Blues Away
9 (RLIN) 17279
700 ## - ADDED ENTRY--PERSONAL NAME
Personal name Williams Ernie
Dates associated with a name Codice autore testo/musica SPICS: 13057
Relator term Autore testo/musica
Name of part/section of a work Ride My Blues Away
9 (RLIN) 17280
700 ## - ADDED ENTRY--PERSONAL NAME
Personal name Williams Mary Lou
Dates associated with a name Codice autore musica SPICS: 10669
Relator term Autore musica
Name of part/section of a work Little Joe From Chicago
9 (RLIN) 17281
942 ## - ADDED ENTRY ELEMENTS (KOHA)
Koha item type DISCHI
Source of classification or shelving scheme Dewey Decimal Classification
Dati di copia
Withdrawn status Lost status Damaged status Not for loan Home library Current library Date acquired Total Checkouts Full call number Date last seen Price effective from Koha item type Public note
    Buone Condizioni Not For Loan SPICS-MEDIATECA SPICS-MEDIATECA 25/10/2013   27046 25/10/2013 25/10/2013 DISCHI Progr. Ins.: 6603 / N.Vol.: 1 / Copie: 1 - Copia rara: n.d. / date import: 01.01.2014 - By Epidotti, Trombetti, Vaglietti
CREDITS: SOCIETA' SAN PAOLO Via A.Severo, 58 - ROMA (RM) & PERIODICI SAN PAOLO SRL Via Giotto, 36 MILANO & CISF Via Giotto, 36 MILANO & EDIZIONI SAN PAOLO SRL,  Piazza Soncino, 5 CINISELLO BALSAMO (MI) -- ITALY